Socialistická ekonomická integrácia v poľnohospodárstve zbierka úloh k seminárom

Saved in:
Bibliographic Details
Main Author: Jurášek, Prokop
Corporate Author: Vysoká škola ekonomická v Bratislave. Fakulta ekonomiky a riadenia výrobných odvetví
Format: Book
Language:Slovak
Published: Bratislava VŠE 1984
Edition:1. vyd.
Tags: Add Tag
No Tags, Be the first to tag this record!

MARC

LEADER 00000nam a2200000 4500
001 c111781
005 20230116122814.2
041 0 |a slo 
044 |a SK 
245 1 0 |a Socialistická ekonomická integrácia v poľnohospodárstve  |b zbierka úloh k seminárom  |c Prokop Jurášek 
250 |a 1. vyd. 
264 1 |a Bratislava  |b VŠE  |c 1984 
300 |a 227 s. 
100 1 |a Jurášek, Prokop 
710 2 |a Vysoká škola ekonomická v Bratislave. Fakulta ekonomiky a riadenia výrobných odvetví